devine l'année de ces événements - Statistiques

Statistiques générales
  • Ce quiz a été pris 81 fois
  • Le résultat moyen est 12 sur 15
Statistiques - réponses
Hint Réponse % Correct
13. Le 11 septembre et les attentats aux États-Unis 2001
99%
6. Seconde guerre mondiale 1939
97%
2. Chute du mur de Berlin 1989
97%
5. Première guerre mondiale 1914
96%
1. Première arrivée de l'homme sur la Lune 1969
96%
4. Révolution française 1789
94%
9. Fin de la guerre d'Algérie 1962
86%
7. Assassinat de John F. Kennedy 1963
85%
3. Invention de l'iPhone 2007
83%
12. Lancement de Facebook 2004
80%
14. Accord de Paris sur le climat 2015
68%
10. Lancement du premier satellite soviétique, Spoutnik 1957
66%
15. Début de la guerre du Vietnam 1955
55%
8. Premier vol de Charles Lindbergh à travers l'Atlantique 1927
35%
11.La naissance de la photographie par Daguerre 1839
18%
Aucun quiz correspondant
Distribution des résultats
% des personnes avec chaque résultat
Percentile par nombre de réponses
Votre historique - résultats
Vous n’avez pas pris ce quiz